Réalisateurs de A à Z - Statistiques

Statistiques générales
  • Ce quiz a été pris 859 fois
  • Le résultat moyen est 15 sur 25
Statistiques - réponses
Lettre Indice Réalisateur % Correct
T Pulp Fiction, Inglourious Basterds Quentin Tarantino
94%
N Interstellar, The Dark Knight Christopher Nolan
93%
H Psychose, Sueurs Froides Alfred Hitchcock
89%
C Le Parrain, Apocalypse Now Francis Ford Coppola
89%
B Léon, Le Cinquième élément Luc Besson
88%
K Shining, 2001, l'Odyssée de l'espace Stanley Kubrick
88%
E Gran Torino, Impitoyable Clint Eastwood
79%
S Les Affranchis, Taxi Driver Martin Scorsese
79%
F Fight Club, L'étrange histoire de Benjamin Button David Fincher
78%
L Le Bon, La Brute et le Truand, Il était une fois en Amérique Sergio Leone
76%
V Dune, Blade Runner 2049 Denis Villeneuve
70%
J Le Seigneur des Anneaux, Le Hobbit Peter Jackson
68%
P Le Pianiste, The Ghost Writer Roman Polanski
67%
Z Forrest Gump, Retour vers le futur Robert Zemeckis
66%
W Citizen Kanes, La Soif du mal Orson Welles
59%
G À bout de souffle, Une femme est une femme Jean-Luc Godard
51%
D J'ai tué ma mère, Juste la fin du monde Xavier Dolan
44%
M Skyfall, 1917 Sam Mendes
41%
A Hannah et ses sœurs, Annie Hall Woody Allen
40%
O Huit Femmes, Potiche François Ozon
36%
R La Grande Illusion, La règle du Jeu Jean Renoir
33%
I Maurice, Chambre avec vue James Ivory
9%
Y Bons Baisers de Russie, James Bond 007 contre Dr No Terence Young
6%
U Toy Story 3, Coco Lee Unkrich
5%
Q L'Adorable Voisine, Deux Têtes folles Richard Quine
3%
Aucun quiz correspondant
Distribution des résultats
% des personnes avec chaque résultat
Percentile par nombre de réponses
Votre historique - résultats
Vous n’avez pas pris ce quiz